00610 2200205 4500001002100000005001700021008004100038020001800079035002500097090002600122100002700148245004200175250001100217260003400228300003500262650005100297700002700348850001200375990001700387YOGYA-0211000000363020150223192355.0 ind  a979-97903-6-0 a0010-021100000003630 aR 92 (Nasution) Nas D aNASUTION, Adnan Buyung aDirumahkan Soekarno, dipecat Soeharto aCet. 1 aJakartabAksara Karuniac2004 axviii, 342 hlm.; ilus., 21 cm. aNasution, Adnan Buyung (1934- ) - Autobiografi aRamadhan KH;Pane, Nina aYOPDYOG a2628-pd/p.04